000 00628nam a2200253Ia 4500
003 OSt
005 20221007100856.0
006 a|||||r|||| 00| 0
007 ta
008 221006b |||||||| |||| 00| 0 eng d
024 _a5,348
037 _cTextual
040 _aLCO
_cLCO
_beng
041 _2eng
_aeng
082 _aZ3, K7
100 _aJenks Edward
_9107026
245 0 _aBook of English Law as at the year 1966
250 _a6th
260 _aLondon
_bJohn Murray U.K.
_c1967
300 _a376
650 _aENGLISH LAW
942 _hZ3, K7
_cTEXL
999 _c1174911
_d1174911